00748nam a22002177a 45000010005000000030006000050050017000110080041000280400030000690500015000990820011001141000026001252450025001512600037001763000025002135050007002385200231002455210018004765210018004947000018005123913FISKH20240528102557.0240523b cb ||||| |||| 00| 0 eng d aFISK beng cFISK dFISK  aPZ7.S3768  a813.6  aSchraff Anne d1939-  aA matter of trust /  aNew York : bScholastic ,c2007  a125 pages : c18 cm  aM  aThis book centers on Darcy's growing conflict with her old friend, Brisana Meeks. Amid jealousy and competition, Darcy fights for her relationship with Hakeem Randall and struggles with her fears over her own family's future. 8 a750 bLexile 8 aM bRaz-Plus  aAnne Schraff